000 01028cam a22002294a 4500
005 20250605164242.0
008 250528s ||||||||||||||||||||||||d
035 _a21375
020 _a9781118093757
040 _aGR-AtMCL
_bgre
_dGR-AtMCL
_eAACR2
245 1 _aOperating System Concepts / International Student Version
250 _a9th
260 _bWiley,
_c2014
300 _a830
520 _aThis book provides a solid theoretical foundation for understanding operating systems. Overview, Introduction, Process Management, Multiheaded Programming, Synchronization, Deadlocks, Memory Management, Memory-Management Strategies, Virtual-Memory Management, Storage Management, File System, I/O Systems, Protection and Security, System Protection, System Security, Case Studies, The Linux System, Windows 7, Influential Operating Systems, Appendices.
700 1 _aGagne Greg
_97367
700 1 _aGalvin B. Peter
_94491
700 1 _aSilberschatz Abraham
_91853
942 _cBK
999 _c6438
_d6438